Statystyki dla Zgadniesz wszystkie podane odpowiedzi?

Kliknij tutaj aby rozwiązać quiz!

Ogólne statystyki

  • Ten quiz został rozwiązany 196 razy
    (193 od ostatniego zresetowania)
  • Średni wynik to 8 z 15

Statystyki odpowiedzi

Zagadka:Odpowiedź:% Poprawnych
Państwo zawierające w nazwie samo "h":Bahrajn/Haiti/Hiszpania/Honduras/Holandia/Wyspy Marshalla
91%
Dwuwyrazowa nazwa państwa znajdującego się w Europie:Macedonia Północna/Wielka Brytania/San Marino
88%
Największe "suche" pustynie świata:Sahara/Gobi/Ar Rub al Chali
85%
Największa wyspa Europy:Wielka Brytania
79%
Najdłuższe pasmo górskie świata:Andy
64%
Państwa na których terytoriach doszło do walk z Kurdami:Turcja/Irak/Syria
54%
Czteroliterowa nazwa stolicy państwa azjatyckiego:Kair/Doha/Baku/Sana/Seul/Male/Dili
51%
Państwa posiadające sporne granice lądowe:Afganistan/Indie/Pakistan/Maroko/Mauretania/Izrael/Syria
47%
Stolica Madagaskaru:Antananarywa
45%
Wyspa znajdująca się na Półwyspie Arabskim:Bahrajn/Katar
38%
"Morze" z którym graniczy Izrael:Morze Śródziemne/Morze Martwe
37%
Największe miasto Nigerii:Lagos
29%
Morze znajdujące się w Ameryce Północnej:Morze Sargasowe/Morze Beringa/Morze Baffina/Morze Heauforta /Morze karaibskie
27%
Najdalej na północ zamieszkany archipelag, należy do Norwegi:Svalbard
23%
Największe jezioro Australii i Oceanii:Jezioro Eyre
3%

Rozkład punktacji

Percentyl według liczby udzielonych odpowiedzi

Procent ludzi z każdym wynikiem

Twoja historia wyników

Nie rozwiązałeś tego quizu od ostatniego zresetowania